Hostal = Hostel /

محفوظ في:
التفاصيل البيبلوغرافية
المؤلف الرئيسي: Roth, Eli (realización)
مؤلفون آخرون: Roth, Eli (guión) (guión), Chadima, Milan (fotógrafo) (fotógrafo), Folsey, George, hijo (montaje) (montaje), Barr, Nathan (música) (música), Hernandez, Jay (actuación) (actuación), Richardson, Derek (actuación) (actuación), Gudjonsson, Eyton (actuación) (actuación)
التنسيق: شريحة
اللغة:الإنجليزية
الموضوعات:
الوسوم: إضافة وسم
لا توجد وسوم, كن أول من يضع وسما على هذه التسجيلة!

MARC

LEADER 00000ngm^a2200000^a^4500
001 000342658
005 20250521000000.0
009 20260310114559.478
037 |a Acervo ITESO - Biblioteca 
041 |a ING 
082 |a 810.  |b ROT V. 1 
100 |a Roth, Eli  |e (realización) 
245 1 0 |a Hostal =  |b Hostel /  |c Realización de E. Roth. 
264 2 |a México :  |b Twentieth Century Fox [distribución],  |c 2012, c2012 
300 |a 1 DVD región 4  |c (93 min.) 
336 |a imagen móvil bidimensional  |b tdi  |2 rdacontenido 
337 |a video  |b v  |2 rdamedio 
338 |a videodisco  |b vd  |2 rdasoporte 
546 |a En alemán, checo, eslovaco, español, holandés, inglés, islandés, japonés y ruso, con subtítulos opcionales: español, chino, inglés, portugués 
546 |a Doblaje opcional: portugués 
649 |a XX 
650 |a Turistas en el Cine 
650 |a Turistas Norteamericanos -  |x Condiciones Sociales y Culturales 
650 |a Norteamericanos en Europa -  |x Condiciones Sociales y Culturales 
650 |a Películas de Suspenso y Terror 
650 |a Cine Norteamericano -  |y 2000-2009 
650 |a Cine Norteamericano -  |y Siglo XXI 
650 |a Paranoia 
650 |a Antiimperialismo 
650 |a Crimen Organizado 
650 |a Sadomasoquismo 
650 |a Tortura 
650 |a Violencia en el Cine 
650 |a Pornografía Snuff en el Cine 
650 |a Europa en el Cine 
700 |a Roth, Eli  |e (guión) 
700 |a Chadima, Milan  |e (fotógrafo) 
700 |a Folsey, George,  |c hijo  |e (montaje) 
700 |a Barr, Nathan  |e (música) 
700 |a Hernandez, Jay  |e (actuación) 
700 |a Richardson, Derek  |e (actuación) 
700 |a Gudjonsson, Eyton  |e (actuación) 
910 |a Fondo General 
920 |a Audiovisuales - DVDs 
940 |a Películas 
905 |a 302 
901 |a 0500231809  |b IT2  |c DVS  |i C140660  |u 20250521 
902 |a https://opac.biblio.iteso.mx/vufind/Record/000342658